24_三重県の市町村(ひらがな対応・五十音順) - Statistics

General Stats
  • This quiz has been taken 37 times
  • The average score is 26 of 29
Answer Stats
種類 市町村名 % Correct
伊賀市
100%
伊勢市
100%
熊野市
100%
桑名市
100%
志摩市
100%
鈴鹿市
100%
津市
100%
鳥羽市
100%
四日市市
100%
いなべ市
97%
尾鷲市
97%
亀山市
97%
松阪市
97%
名張市
93%
紀北町
90%
東員町
90%
朝日町
86%
大台町
86%
紀宝町
86%
南伊勢町
86%
明和町
86%
川越町
83%
木曽岬町
83%
菰野町
83%
多気町
83%
度会町
79%
大紀町
72%
玉城町
72%
御浜町
72%
No matching quizzes found
Score Distribution
Percent of People with Each Score
Percentile by Number Answered
Your Score History
You have not taken this quiz